| 000 | 00653nam a22001217a 4500 | ||
|---|---|---|---|
| 040 | _cRUA | ||
| 082 | _aLMA HOU 2025 B701 Or.1 | ||
| 100 | _aHOUT CHANNEANG, ហួត ចាន់នាង | ||
| 245 | _aStudy on constructing hotspot maps using the geographic information system (GIS) in kratie province, សិក្សាអំពីការកសាងផែនទីតំបន់រសើប ដោយប្រើប្រាស់ប្រព័ន្ធព័ត៌មានសាស្រ្ត (GIS) នៅក្នុងខេត្តក្រចេះ | ||
| 260 |
_aPHNOM PENH _bRUA _c2025 |
||
| 300 |
_axii,61p. _bill. _c29cm. |
||
| 942 | _cLMA | ||
| 999 |
_c25796 _d25796 |
||